| 000 | 00772 a2200253 4500 | ||
|---|---|---|---|
| 003 | OSt | ||
| 005 | 20180116192402.0 | ||
| 008 | 120702t xxu||||| |||| 00| 0 eng d | ||
| 010 | _a 2009379271 | ||
| 020 | _a9780714848518 (hbk.) | ||
| 020 | _a0714848514 (hbk.) | ||
| 035 | _a(OCoLC)ocn262432235 | ||
| 040 | _c0 | ||
| 082 | 0 | 4 | _a779.092 |
| 100 | 1 |
_aLyon, Danny. _95349 |
|
| 245 | 1 | 0 |
_aMemories of myself : _bessays / _cby Danny Lyon. |
| 260 |
_aLondon ; _aNew York, NY : _bPhaidon, _c2009. |
||
| 300 |
_a207 p. : _bill. (some col.) ; _c30 cm. |
||
| 600 | 1 | 0 |
_aLyon, Danny. _95350 |
| 650 | 1 | 0 |
_aDocumentary photography. _95351 |
| 650 | 1 | 0 |
_aPhotographs _95352 |
| 942 |
_aSADA _cBK _k779.092 LYO 2009 _2ddc |
||
| 999 |
_c353343 _d353343 |
||